[Event "GRE-ch U16"]
[Site "Thessaloniki"]
[Date "2022.08.24"]
[Round "9"]
[White "Tsouchnikas, Georgios"]
[Black "Bantekas, Achilleas"]
[Result "1/2-1/2"]
[WhiteElo "1422"]
[BlackElo "1568"]
[PlyCount "80"]
[EventDate "2022.08.18"]
[EventType "swiss"]
[EventRounds "9"]
[EventCountry "GRE"]
[SourceTitle "EXT 2024"]
[Source "ChessBase"]
[SourceDate "2023.10.10"]
[SourceVersion "1"]
[SourceVersionDate "2023.10.10"]
[SourceQuality "1"]

1. c4 c5 2. Nc3 Nc6 3. g3 g6 4. Bg2 Bg7 5. Nf3 e6 6. d3 Nge7 7. 0-0 0-0 8. e3 d5 9. cxd5 Nxd5 10. d4 cxd4 11. Nxd5 exd5 12. Nxd4 Nxd4 13. exd4 Be6 14. Be3 Rc8 15. Qd2 Qb6 16. Rac1 Rfe8 17. b3 Bf8 18. Rxc8 Rxc8 19. Rc1 Rc6 20. Rxc6 bxc6 21. Bf1 Bb4 22. Qc2 Bf5 23. Bd3 Bxd3 24. Qxd3 Qb5 25. Qxb5 cxb5 26. Kf1 Kg7 27. Ke2 Kf6 28. h3 Ke6 29. g4 f5 30. f3 Bd6 31. Kd3 Bg3 32. Ke2 h5 33. Kf1 f4 34. Bf2 Bxf2 35. Kxf2 hxg4 36. hxg4 b4 37. Ke2 Kf6 38. Kf2 Kg5 39. Kg2 Kh4 40. Kh2 a6 1/2-1/2

[Event "GRE-ch U16"]
[Site "Thessaloniki"]
[Date "2022.08.21"]
[Round "5"]
[White "Tsouchnikas, Georgios"]
[Black "Makrygiannis, Ion Periandros"]
[Result "1-0"]
[WhiteElo "1422"]
[BlackElo "1238"]
[PlyCount "83"]
[EventDate "2022.08.18"]
[EventType "swiss"]
[EventRounds "9"]
[EventCountry "GRE"]
[SourceTitle "EXT 2024"]
[Source "ChessBase"]
[SourceDate "2023.10.10"]
[SourceVersion "1"]
[SourceVersionDate "2023.10.10"]
[SourceQuality "1"]

1. c4 c5 2. Nc3 Nc6 3. g3 g6 4. Bg2 Bg7 5. Nf3 Nf6 6. 0-0 0-0 7. d4 d6 8. d5 Na5 9. Nd2 e6 10. e4 exd5 11. cxd5 b6 12. Qc2 Re8 13. b3 Nd7 14. Bb2 Ba6 15. f4 Bxf1 16. Rxf1 Qf6 17. Nd1 Qe7 18. Bxg7 Kxg7 19. Re1 f6 20. Nf3 Rad8 21. Qc3 Kg8 22. Bh3 Nb7 23. Be6+ Kf8 24. e5 dxe5 25. fxe5 f5 26. Qe3 Kg7 27. Ng5 Rf8 28. Bxd7 Rxd7 29. Ne6+ Kg8 30. Nxf8 Kxf8 31. Qf3 a6 32. Nf2 Rd8 33. Re2 Rc8 34. d6 Qg7 35. Qd5 Nd8 36. e6 Nc6 37. d7 Rd8 38. Qxc6 Ke7 39. Qxb6 Qd4 40. Qxd8+ Kxd8 41. e7+ Kxd7 42. e8Q+ 1-0

[Event "GRE-ch U16"]
[Site "Thessaloniki"]
[Date "2022.08.20"]
[Round "4"]
[White "Fertakis, Dimitrios"]
[Black "Tsouchnikas, Georgios"]
[Result "1/2-1/2"]
[WhiteElo "1118"]
[BlackElo "1422"]
[PlyCount "99"]
[EventDate "2022.08.18"]
[EventType "swiss"]
[EventRounds "9"]
[EventCountry "GRE"]
[SourceTitle "EXT 2024"]
[Source "ChessBase"]
[SourceDate "2023.10.10"]
[SourceVersion "1"]
[SourceVersionDate "2023.10.10"]
[SourceQuality "1"]

1. e4 g6 2. d4 Bg7 3. Nf3 c5 4. c3 cxd4 5. Nxd4 d6 6. Be3 Nf6 7. f3 0-0 8. Be2 Nc6 9. 0-0 d5 10. exd5 Nxd5 11. Nxc6 bxc6 12. Bd4 e5 13. Bc5 Qg5 14. Re1 Rd8 15. Qc1 Nf4 16. Bf1 Bh6 17. Kh1 e4 18. Be3 exf3 19. Bxf4 fxg2+ 20. Bxg2 Qxf4 21. Qxf4 Bxf4 22. Bxc6 Rb8 23. b3 Rb6 24. Bg2 Rbd6 25. Na3 Rd2 26. Nb5 Bh3 27. Rg1 Rc2 28. Nd4 Rxc3 29. Ne2 Bxg2+ 30. Rxg2 Rf3 31. Nxf4 Rxf4 32. Rc2 Rfd4 33. Rac1 Kg7 34. Kg2 R8d7 35. Kg3 Rd3+ 36. Kg2 Kf6 37. Rf2+ Kg5 38. Rc4 Rd2 39. a4 Rxf2+ 40. Kxf2 f5 41. b4 f4 42. b5 Kg4 43. h3+ Kf5 44. Rb4 g5 45. a5 g4 46. hxg4+ Kxg4 47. Rb2 h5 48. b6 axb6 49. axb6 Rb7 50. Rb1 1/2-1/2

[Event "GRE-chT 49th"]
[Site "Thessaloniki"]
[Date "2022.08.13"]
[Round "3"]
[White "Sideris, Michail"]
[Black "Tsouchnikas, Georgios"]
[Result "1/2-1/2"]
[WhiteElo "1345"]
[BlackElo "1422"]
[PlyCount "85"]
[EventDate "2022.08.12"]
[EventType "team-swiss"]
[EventRounds "7"]
[EventCountry "GRE"]
[SourceTitle "EXT 2024"]
[Source "ChessBase"]
[SourceDate "2023.10.10"]
[SourceVersion "1"]
[SourceVersionDate "2023.10.10"]
[SourceQuality "1"]
[WhiteTeam "Kozanis Aetoi"]
[BlackTeam "Thessaloniki Chan"]
[WhiteTeamCountry "GRE"]
[BlackTeamCountry "GRE"]

1. d4 g6 2. c4 Bg7 3. Nc3 d6 4. e4 Nc6 5. Nf3 Bg4 6. d5 Ne5 7. Be2 Bxf3 8. Bxf3 Nf6 9. 0-0 0-0 10. Be2 Nfd7 11. b4 c6 12. Rb1 cxd5 13. cxd5 Rc8 14. Qb3 a6 15. Be3 Ng4 16. Bd2 Ngf6 17. Rbc1 Ne5 18. f4 Qb6+ 19. Kh1 Neg4 20. Be1 Qe3 21. Rc2 Nxe4 22. Nxe4 Qxe4 23. Rxc8 Rxc8 24. Bxg4 Rc1 25. Bd1 Rb1 26. Qc2 Qxc2 27. Bxc2 Rc1 28. Bd3 Rd1 29. Be2 Rxd5 30. Kg1 Bd4+ 31. Bf2 Bc3 32. Bc4 Rf5 33. Bb6 Bxb4 34. g4 Rf6 35. Bd4 Bc5 36. Bxc5 dxc5 37. Kg2 b5 38. Bd5 Rd6 39. Rd1 c4 40. Bf3 a5 41. Rxd6 exd6 42. Bd5 c3 43. Bb3 1/2-1/2

[Event "Thessaloniki-Chalkidiki-ch U16"]
[Site "Thessaloniki"]
[Date "2022.04.18"]
[Round "3"]
[White "Tzontas, Athanasios"]
[Black "Tsouchnikas, Georgios"]
[Result "0-1"]
[WhiteElo "1577"]
[BlackElo "1345"]
[PlyCount "86"]
[EventDate "2022.04.15"]
[EventType "swiss"]
[EventRounds "5"]
[EventCountry "GRE"]
[SourceTitle "EXT 2024"]
[Source "ChessBase"]
[SourceDate "2023.10.10"]
[SourceVersion "1"]
[SourceVersionDate "2023.10.10"]
[SourceQuality "1"]

1. e4 g6 2. d4 d6 3. Nc3 Bg7 4. Be3 a6 5. Qd2 Nf6 6. f3 Nbd7 7. Nge2 Rb8 8. Bh6 0-0 9. h4 e5 10. 0-0-0 b5 11. Bxg7 Kxg7 12. dxe5 Nxe5 13. Nf4 h6 14. Be2 Be6 15. Qd4 Ne8 16. Qe3 Bd7 17. Qd2 a5 18. g4 b4 19. Ncd5 c6 20. Ne3 a4 21. Nc4 b3 22. cxb3 axb3 23. a3 Nxc4 24. Bxc4 Qc7 25. Qc3+ Kh7 26. Bxb3 d5 27. Nh3 Qb6 28. Bc2 Nc7 29. b3 Nb5 30. Qb2 d4 31. Nf4 Ra8 32. a4 Nc3 33. Rd3 Qb4 34. e5 Rfb8 35. h5 Rxa4 36. hxg6+ fxg6 37. Rxc3 dxc3 38. Bxg6+ Kg7 39. Nh5+ Kf8 40. Qb1 Qa5 41. Kc2 Ra2+ 42. Kd3 Qd5+ 43. Ke3 Qd2+ 0-1

[Event "GRE-chT2 48th"]
[Site "Thessaloniki"]
[Date "2021.10.07"]
[Round "4.5"]
[White "Tsouchnikas, Georgios"]
[Black "Karamitanis, Lazaros"]
[Result "0-1"]
[WhiteElo "1393"]
[BlackElo "1171"]
[PlyCount "110"]
[EventDate "2021.10.05"]
[EventType "team-swiss"]
[EventRounds "7"]
[EventCountry "GRE"]
[SourceTitle "CBM 204 Extra"]
[Source "ChessBase"]
[SourceDate "2021.11.30"]
[SourceVersion "1"]
[SourceVersionDate "2021.11.30"]
[SourceQuality "1"]
[WhiteTeam "Kalamarias Han"]
[BlackTeam "Florinas"]
[WhiteTeamCountry "GRE"]
[BlackTeamCountry "GRE"]

1. c4 Nf6 2. Nc3 e6 3. g3 d5 4. cxd5 exd5 5. d4 c6 6. Bg2 Bd6 7. e3 0-0 8. Nge2 Re8 9. 0-0 Bf5 10. Qb3 Qd7 11. Re1 Na6 12. a3 Rab8 13. f3 Re7 14. Nd1 c5 15. Nf2 Rc8 16. g4 Be6 17. h3 Qc7 18. Bd2 cxd4 19. exd4 Qc2 20. Qxc2 Rxc2 21. Bc3 Bd7 22. Bf1 Bb5 23. Nc1 Rxe1 24. Bxe1 Bxf1 25. Kxf1 Rxb2 26. Ncd3 Rb3 27. Ne5 Bxe5 28. dxe5 Nd7 29. f4 Rf3 30. Bd2 Rb3 31. Rc1 Nac5 32. f5 h6 33. Re1 Kf8 34. e6 fxe6 35. fxe6 Nf6 36. Bf4 Nce4 37. Kg1 Ke7 38. Nxe4 Nxe4 39. h4 g5 40. hxg5 hxg5 41. Be3 Rxa3 42. Bc1 Rg3+ 43. Kh2 Rxg4 44. Kh3 Rh4+ 45. Kg2 Rh6 46. Rxe4 dxe4 47. Bxg5+ Kxe6 48. Bxh6 Kd5 49. Kf2 a5 50. Bd2 a4 51. Bc1 b5 52. Ke3 Kc4 53. Kxe4 b4 54. Ke3 a3 55. Kd2 Kb3 0-1

[Event "GRE-ch Online Blitz op 1st"]
[Site "Tornelo INT"]
[Date "2021.02.07"]
[Round "15"]
[White "Chorafas, Dimitrios"]
[Black "Tsouchnikas, Georgios"]
[Result "1-0"]
[WhiteElo "1018"]
[BlackElo "1208"]
[PlyCount "95"]
[EventDate "2021.02.07"]
[EventType "swiss (blitz)"]
[EventRounds "16"]
[EventCountry "GRE"]
[SourceTitle "EXT 2023"]
[Source "ChessBase"]
[SourceDate "2022.10.05"]
[SourceVersion "1"]
[SourceVersionDate "2022.10.05"]
[SourceQuality "1"]

1. e4 g6 2. Nf3 Bg7 3. Nc3 d6 4. d4 Nd7 5. Be3 b6 6. Bb5 Bb7 7. e5 dxe5 8. Nxe5 c6 9. Qf3 Qc7 10. Qxf7+ Kd8 11. Qxg7 Nxe5 12. dxe5 cxb5 13. Qxh8 Kd7 14. Qxh7 Rf8 15. Qg7 Rd8 16. Bf4 Qc5 17. e6+ Kc8 18. Qe5 Rd6 19. Qxc5+ bxc5 20. Bxd6 exd6 21. 0-0 Kd8 22. Rfe1 Ke7 23. Ne4 Nh6 24. Rad1 Nf5 25. g4 Nd4 26. Rxd4 cxd4 27. Nxd6 Kxd6 28. e7 Bc6 29. e8Q Bxe8 30. Rxe8 Kd5 31. Re7 a5 32. Rd7+ Ke4 33. f3+ Ke3 34. Kf1 g5 35. Ke1 b4 36. a3 b3 37. cxb3 d3 38. Re7+ Kd4 39. Kd1 a4 40. b4 Kc4 41. Re4+ Kb3 42. b5 Kxb2 43. b6 Kxa3 44. b7 Ka2 45. b8Q a3 46. Ra4 d2 47. Kxd2 Ka1 48. Rxa3# 1-0

[Event "GRE-ch Online Blitz op 1st"]
[Site "Tornelo INT"]
[Date "2021.02.07"]
[Round "5"]
[White "Pelekis, Georgios"]
[Black "Tsouchnikas, Georgios"]
[Result "0-1"]
[WhiteElo "1650"]
[BlackElo "1208"]
[PlyCount "50"]
[EventDate "2021.02.07"]
[EventType "swiss (blitz)"]
[EventRounds "16"]
[EventCountry "GRE"]
[SourceTitle "EXT 2023"]
[Source "ChessBase"]
[SourceDate "2022.10.05"]
[SourceVersion "1"]
[SourceVersionDate "2022.10.05"]
[SourceQuality "1"]

1. e4 g6 2. d4 Bg7 3. Nc3 d6 4. Bf4 Nd7 5. Qd2 b6 6. 0-0-0 Bb7 7. Bb5 a6 8. Bxd7+ Qxd7 9. Nf3 0-0-0 10. Qe2 f6 11. e5 fxe5 12. dxe5 Re8 13. e6 Qc6 14. Rd3 Nf6 15. Nd4 Qc4 16. f3 Nd5 17. Nxd5 Bxd5 18. b3 Qc5 19. Be3 Qa3+ 20. Kd2 c5 21. Rc3 Kb7 22. Rb1 cxd4 23. Bxd4 Bxd4 24. Rd3 Qb4+ 25. Kd1 Rc8 0-1

[Event "GRE-ch Online Blitz op 1st"]
[Site "Tornelo INT"]
[Date "2021.02.07"]
[Round "4"]
[White "Tsouchnikas, Georgios"]
[Black "Tzatzimakis, Theodoros"]
[Result "1-0"]
[WhiteElo "1208"]
[BlackElo "1008"]
[PlyCount "39"]
[EventDate "2021.02.07"]
[EventType "swiss (blitz)"]
[EventRounds "16"]
[EventCountry "GRE"]
[SourceTitle "EXT 2023"]
[Source "ChessBase"]
[SourceDate "2022.10.05"]
[SourceVersion "1"]
[SourceVersionDate "2022.10.05"]
[SourceQuality "1"]

1. c4 e5 2. Nc3 Nf6 3. g3 Nc6 4. Bg2 a6 5. e3 Bc5 6. Nge2 d6 7. 0-0 0-0 8. b3 Nb4 9. d4 Ba7 10. Bb2 Nc6 11. Qd2 Bg4 12. h3 Bxe2 13. Nxe2 Nd7 14. Rad1 Qf6 15. dxe5 Ndxe5 16. f4 Qg6 17. fxe5 Nxe5 18. Kh2 Qh6 19. Nf4 Qg5 20. Qc3 1-0

[Event "GRE-ch North U08/14"]
[Site "Thessaloniki"]
[Date "2020.08.28"]
[Round "4"]
[White "Sioulas, Stylianos"]
[Black "Tsouchnikas, Georgios"]
[Result "1-0"]
[WhiteElo "1277"]
[BlackElo "1437"]
[PlyCount "69"]
[EventDate "2020.08.26"]
[EventType "swiss"]
[EventRounds "9"]
[EventCountry "GRE"]
[SourceTitle "EXT 2023"]
[Source "ChessBase"]
[SourceDate "2022.10.05"]
[SourceVersion "1"]
[SourceVersionDate "2022.10.05"]
[SourceQuality "1"]

1. e4 g6 2. d4 Bg7 3. c3 d6 4. Be3 Nd7 5. Bd3 e5 6. d5 Ne7 7. Nd2 c6 8. c4 0-0 9. Ne2 cxd5 10. cxd5 f5 11. f3 Nf6 12. h3 fxe4 13. fxe4 Nh5 14. Qb3 Kh8 15. Nf3 Ng8 16. 0-0-0 Nf4 17. Nxf4 exf4 18. Bd4 Nf6 19. Kb1 a5 20. Rc1 a4 21. Qb4 Qe7 22. Bb6 Nd7 23. Rc7 Qf6 24. Bd4 Ne5 25. Bxe5 dxe5 26. Rhc1 Re8 27. Bb5 Bf8 28. Qc3 Rd8 29. Qxe5 Qxe5 30. Nxe5 Kg8 31. Nf7 Bxh3 32. gxh3 Rdb8 33. d6 a3 34. Bc4 axb2 35. Ng5+ 1-0

[Event "Thessaloniki U16 6th"]
[Site "Thessaloniki"]
[Date "2019.12.06"]
[Round "4.1"]
[White "Tsouchnikas, Georgios"]
[Black "Georgiadis, Athanasios Kat"]
[Result "1/2-1/2"]
[WhiteElo "1321"]
[BlackElo "1584"]
[PlyCount "83"]
[EventDate "2019.12.05"]
[EventType "swiss (rapid)"]
[EventRounds "8"]
[EventCountry "GRE"]
[SourceTitle "EXT 2024"]
[Source "ChessBase"]
[SourceDate "2023.10.10"]
[SourceVersion "1"]
[SourceVersionDate "2023.10.10"]
[SourceQuality "1"]

1. c4 e5 2. Nc3 Nf6 3. g3 c6 4. Bg2 d5 5. cxd5 cxd5 6. d4 e4 7. Bg5 Be7 8. e3 Nc6 9. Nge2 Nb4 10. Nf4 Be6 11. a3 Nc6 12. 0-0 0-0 13. f3 exf3 14. Bxf3 Qb6 15. Bxf6 Bxf6 16. Ncxd5 Qd8 17. Nxf6+ Qxf6 18. Nxe6 Qxe6 19. Qd3 Qd6 20. Rac1 Ne5 21. Qe4 Nxf3+ 22. Qxf3 Rae8 23. Rc3 Re7 24. Rd3 f5 25. Re1 g6 26. Qd1 Rfe8 27. Qb3+ Kg7 28. Qc3 Qd5 29. Rd2 b6 30. Rde2 h5 31. Qd2 Re4 32. Rc1 R8e7 33. Rc3 h4 34. Qc1 hxg3 35. hxg3 Rg4 36. Rg2 Qf3 37. Rc7 Rxc7 38. Qxc7+ Kf6 39. Qd8+ Kf7 40. Qd7+ Kf6 41. Qd6+ Kf7 42. Qd7+ 1/2-1/2

[Event "GRE-ch U12"]
[Site "Patras"]
[Date "2019.06.30"]
[Round "8.3"]
[White "Tsouchnikas, Georgios"]
[Black "Mourelatos, Spyridon"]
[Result "0-1"]
[WhiteElo "1351"]
[BlackElo "1610"]
[PlyCount "80"]
[EventDate "2019.06.25"]
[EventType "swiss"]
[EventRounds "9"]
[EventCountry "GRE"]
[SourceTitle "EXT 2020"]
[Source "ChessBase"]
[SourceDate "2019.10.17"]
[SourceVersion "1"]
[SourceVersionDate "2019.10.17"]
[SourceQuality "1"]
[WhiteTeam "Greece"]
[BlackTeam "Greece"]
[WhiteTeamCountry "GRE"]
[BlackTeamCountry "GRE"]

1. c4 e6 2. Nc3 d5 3. d4 Nf6 4. g3 c6 5. Bg2 Bd6 6. e3 0-0 7. Nf3 Nbd7 8. 0-0 Re8 9. b3 Bb4 10. Bb2 Ne4 11. Rc1 Ndf6 12. a3 Nxc3 13. Bxc3 Bxa3 14. Rc2 Bd6 15. Rd2 Ne4 16. Rd3 b6 17. Bb2 Bb7 18. Ne5 Bxe5 19. dxe5 Nc5 20. Rd2 Qc7 21. Rc2 Rad8 22. cxd5 exd5 23. b4 Ne6 24. f4 Ba6 25. Rff2 Bb5 26. f5 Nf8 27. Qg4 Rxe5 28. f6 Ng6 29. fxg7 Rxe3 30. Rc1 Rde8 31. Bxd5 Re1+ 32. Kg2 R1e2 33. Rc2 Rxf2+ 34. Kxf2 Ne5 35. Bxe5 Qxe5 36. Bxc6 Qe1+ 37. Kf3 Be2+ 38. Kf4 Bxg4 39. Bxe8 Qxe8 40. Kxg4 Qe4+ 0-1

[Event "GRE-ch U12"]
[Site "Rio Achaia"]
[Date "2018.07.06"]
[Round "5"]
[White "Tsouchnikas, Georgios"]
[Black "Despotis, Athanasios"]
[Result "1-0"]
[WhiteElo "1214"]
[BlackElo "1167"]
[PlyCount "69"]
[EventDate "2018.07.03"]
[EventType "swiss"]
[EventRounds "9"]
[EventCountry "GRE"]
[SourceTitle "EXT 2019"]
[Source "ChessBase"]
[SourceDate "2018.10.10"]
[SourceVersion "1"]
[SourceVersionDate "2018.10.10"]
[SourceQuality "1"]

1. c4 Nf6 2. Nc3 b6 3. d3 e6 4. Nf3 Bb4 5. a3 Bxc3+ 6. bxc3 0-0 7. g3 Bb7 8. Bg2 Nc6 9. 0-0 Ne7 10. e4 d5 11. e5 Nd7 12. d4 dxc4 13. Qc2 f6 14. Ng5 fxg5 15. Bxb7 Rb8 16. Be4 Nf5 17. d5 Nxe5 18. dxe6 g6 19. a4 Qf6 20. Rd1 Rbd8 21. f4 Rxd1+ 22. Qxd1 gxf4 23. Bxf4 Rd8 24. Qe2 Qxe6 25. Bxf5 Qxf5 26. Qxe5 Qxe5 27. Bxe5 c6 28. h4 h5 29. Kf2 Kf7 30. Ke3 Ke6 31. Ke4 a6 32. Rf1 Rg8 33. Rf6+ Kd7 34. Rd6+ Ke7 35. Rxc6 1-0

[Event "EThessaloniki SSTH HALK-ch U16"]
[Site "Thessaloniki"]
[Date "2017.11.12"]
[Round "4.1"]
[White "Gavriilidis, Giorgos"]
[Black "Tsouchnikas, Georgios"]
[Result "1-0"]
[WhiteElo "1291"]
[BlackElo "1118"]
[PlyCount "121"]
[EventDate "2017.10.01"]
[EventType "swiss"]
[EventRounds "6"]
[EventCountry "GRE"]
[SourceTitle "EXT 2024"]
[Source "ChessBase"]
[SourceDate "2023.10.10"]
[SourceVersion "1"]
[SourceVersionDate "2023.10.10"]
[SourceQuality "1"]

1. e4 e5 2. Nf3 Nc6 3. Bb5 d6 4. d4 Bg4 5. dxe5 dxe5 6. 0-0 Bd6 7. Bxc6+ bxc6 8. Nc3 Nf6 9. Be3 0-0 10. Qd3 Bxf3 11. gxf3 Qd7 12. Ne2 Rfd8 13. Ng3 Bb4 14. Qc4 Bd2 15. Nf5 Qe6 16. Qxe6 fxe6 17. Ne7+ Kh8 18. Nxc6 Rd6 19. Nxe5 Rf8 20. Nc4 Bxe3 21. fxe3 Rc6 22. Na3 e5 23. Rad1 Rb6 24. Nc4 Rc6 25. b3 h6 26. Rd2 h5 27. Nxe5 Ra6 28. Ng6+ Kg8 29. Nxf8 Kxf8 30. a4 h4 31. Rfd1 h3 32. Rd8+ Kf7 33. e5 Nh5 34. f4 Rg6+ 35. Kh1 Rg2 36. R1d2 Rxd2 37. Rxd2 Ke6 38. Rd8 a6 39. Rh8 g6 40. Rxh5 gxh5 41. e4 h4 42. Kg1 c6 43. Kf2 a5 44. Kf3 c5 45. c4 Kf7 46. f5 Ke7 47. Kg4 Kf7 48. Kxh3 Ke7 49. Kxh4 Kf7 50. Kg5 Ke7 51. h4 Kf7 52. h5 Kg7 53. e6 Kf8 54. h6 Kg8 55. h7+ Kxh7 56. e7 Kg7 57. e8Q Kh7 58. Qd7+ Kg8 59. f6 Kf8 60. Qe7+ Kg8 61. Qg7# 1-0

[Event "GRE-ch U10"]
[Site "Achaia"]
[Date "2017.06.27"]
[Round "3"]
[White "Tsouchnikas, Georgios"]
[Black "Fotiadis, Alexandros"]
[Result "0-1"]
[WhiteElo "1035"]
[BlackElo "1154"]
[PlyCount "88"]
[EventDate "2017.06.26"]
[EventType "swiss"]
[EventRounds "9"]
[EventCountry "GRE"]
[SourceTitle "EXT 2018"]
[Source "ChessBase"]
[SourceDate "2017.10.13"]
[SourceVersion "1"]
[SourceVersionDate "2017.10.13"]
[SourceQuality "1"]

1. d4 e6 2. c4 b6 3. Nc3 Bb7 4. e3 Bb4 5. Nf3 f5 6. Bd3 Nf6 7. 0-0 Bxc3 8. bxc3 0-0 9. Re1 Qe8 10. Ba3 d6 11. Be2 Qg6 12. Nh4 Qh6 13. Nf3 Nbd7 14. Bc1 Ne4 15. Qb3 Ndf6 16. c5 Ng4 17. Rf1 Nxc5 18. Qc2 Bxf3 19. h3 Bxe2 20. Qxe2 Nxf2 21. dxc5 Ne4 22. cxb6 Ng3 23. Qc4 Nxf1 24. Kxf1 cxb6 25. Kg1 d5 26. Qc6 Rfc8 27. Qb7 Qf6 28. Bb2 Qf7 29. Qa6 Rab8 30. Rf1 Qb7 31. Qd3 Qe7 32. Qa6 Rc6 33. Qb5 Rbc8 34. Rc1 Qc5 35. Qa4 Qa5 36. Qb3 Qc5 37. Kf2 Qc4 38. Qa3 R8c7 39. Rd1 Qe4 40. Rd4 Qc2+ 41. Kf3 Rc5 42. g4 fxg4+ 43. Rxg4 Rf7+ 44. Kg3 Qf2# 0-1